Library of the University of Algiers 3
Ibrahim Sultan Cheibout
شعار جامعة الجزائر 3
مكتبة جامعة الجزائر 3
إبراهيم سلطان شيبوط

تنافسية صناعة الدواء : (رقم التسجيلة. 46296)

تفاصيل مارك
000 -LEADER
fixed length control field 01316nam a2200241Ia 4500
003 - CONTROL NUMBER IDENTIFIER
control field Ost
005 - DATE AND TIME OF LATEST TRANSACTION
control field 20260507075802.0
008 - FIXED-LENGTH DATA ELEMENTS--GENERAL INFORMATION
fixed length control field 260507s9999||||xx |||||||||||||| ||und||
020 ## - INTERNATIONAL STANDARD BOOK NUMBER
International Standard Book Number 9789931265184
040 ## - CATALOGING SOURCE
Transcribing agency fsecg
041 ## - LANGUAGE CODE
Language code of text/sound track or separate title ara
082 ## - DEWEY DECIMAL CLASSIFICATION NUMBER
Classification number 338.476151
100 ## - MAIN ENTRY--PERSONAL NAME
Personal name لحول، سامية
Relator term مؤلف
245 #0 - TITLE STATEMENT
Title تنافسية صناعة الدواء :
Remainder of title الجزائر نموذجا /
Statement of responsibility, etc. سامية لحول
260 ## - PUBLICATION, DISTRIBUTION, ETC.
Place of publication, distribution, etc. الجزائر :
Name of publisher, distributor, etc. دار قانة للنشر والتوزيع ,
Date of publication, distribution, etc. 2023
300 ## - PHYSICAL DESCRIPTION
Extent 218 صفحة؛
Other physical details إيضاحات ؛
Dimensions 24 سم
504 ## - BIBLIOGRAPHY, ETC. NOTE
Bibliography, etc. note بيبليوغرافيا: ص ص208-218
520 ## - SUMMARY, ETC.
Summary, etc. التنافسية كإطار جديد للتعامل، صناعة الدواء في ظل أوضاعها المحيطة بالسوق العالمي والجزائري، محددات الميزة التنافسية لصناعة الدواء في الجزائر باستخدام النموذج الماسي، تنافسية صناعة الدواء في الجزائر وفرص الاندماج العالمي، تنافسية مجمع صيدال لصناعة الدواء والعوامل المؤثرة فيها.
653 ## - INDEX TERM--UNCONTROLLED
Uncontrolled term الأدوية
653 ## - INDEX TERM--UNCONTROLLED
Uncontrolled term الاستراتيجية التنافسية
653 ## - INDEX TERM--UNCONTROLLED
Uncontrolled term الصناعات الكيميائية
942 ## - ADDED ENTRY ELEMENTS (KOHA)
Koha item type كتب
المقتنيات
Withdrawn status Lost status Source of classification or shelving scheme Damaged status Not for loan Home library Current library Date acquired Serial enumeration / chronology Inventory number Total checkouts Full call number Barcode Date last seen Price effective from Koha item type
    Library of Congress Classification   NOT LOAN / إعارة داخلية مكتبة كلية العلوم الإقتصادية والعلوم التجارية وعلوم التسيير مكتبة كلية العلوم الإقتصادية والعلوم التجارية وعلوم التسيير 07/05/2026 الطابق الأرضي 025.21/557   499/025.21ن01 025.21/557 07/05/2026 07/05/2026 كتب
    Dewey Decimal Classification   Available مكتبة كلية العلوم الإقتصادية والعلوم التجارية وعلوم التسيير مكتبة كلية العلوم الإقتصادية والعلوم التجارية وعلوم التسيير 07/05/2026 الطابق الأرضي 025.21/558   499/025.21ن02 025.21/558 07/05/2026 07/05/2026 كتب

موارد الويب المفتوحة


© University of Algiers 3 All Rights Reserved
|
Implemented by LECHELAH Riad